[Event "Challenge"]
[Site "http://www.queenalice.com/game.php?id=967942"]
[Date "2011.8.2"]
[Round "-"]
[White "Kingfish"]
[Black "archangel"]
[Result "1-0"]
[WhiteElo "1877"]
[BlackElo "1784"]

1. e4 c5 2. Nf3 Nc6 3. Bb5 Qc7 4. Nc3 a6 5. Be2 b5 6. d4 cxd4 7. Nxd4 Bb7 8. a3
e5 9. Nf5 Nge7 10. Nd6+ Kd8 11. Nxf7+ 1-0

[Event "Challenge"]
[Site "http://www.queenalice.com/game.php?id=968797"]
[Date "2011.8.4"]
[Round "-"]
[White "Kingfish"]
[Black "archangel"]
[Result "0-1"]
[WhiteElo "1799"]
[BlackElo "1806"]

1. e4 c5 2. Nf3 Nc6 3. Bb5 Qc7 4. Nc3 a6 5. Bc4 e6 6. d4 cxd4 7. Nxd4 Nf6 8. Bg5
Be7 9. Nf3 O-O 10. Qd2 b5 11. Be2 b4 12. Na4 Nxe4 13. Qe3 Nxg5 14. Nxg5 Ne5 15.
Rc1 Bb7 16. Bf3 Bxg5 17. Qxg5 Bxf3 18. Rg1 f6 19. Qe3 Bd5 20. f4 Ng4 21. Qg3 f5
22. h3 Nf6 23. Qh4 b3 24. g4 Qxf4 0-1

[Event "Challenge"]
[Site "http://www.queenalice.com/game.php?id=968798"]
[Date "2011.8.4"]
[Round "-"]
[White "archangel"]
[Black "Kingfish"]
[Result "1-0"]
[WhiteElo "1789"]
[BlackElo "1816"]

1. d4 Nf6 2. c4 d5 3. cxd5 Nxd5 4. e4 Nb6 5. Nc3 e6 6. a3 Be7 7. Bf4 O-O 8. Nb5
e5 9. Bxe5 Bd6 10. Qb3 Bxe5 11. dxe5 Be6 12. Qg3 a6 13. Rd1 Qe7 14. Nd4 Qc5 15.
Ngf3 Bb3 16. Nxb3 Qc2 17. Nfd4 Qxb2 18. Bd3 Qc3+ 19. Rd2 Nc4 20. Bxc4 Qxc4 21.
Qd3 Qa4 22. Nc5 1-0

[Event "Challenge"]
[Site "http://www.queenalice.com/game.php?id=981501"]
[Date "2011.9.5"]
[Round "-"]
[White "Kingfish"]
[Black "archangel"]
[Result "0-1"]
[WhiteElo "1854"]
[BlackElo "1817"]

1. e4 c5 2. Nf3 Nc6 3. Nc3 Nd4 4. Nxd4 cxd4 5. Ne2 e5 6. d3 d5 7. Ng3 Nf6 8. Bg5
Be7 9. Bxf6 Bxf6 10. Be2 Qa5+ 11. Qd2 Bd8 12. b4 Qb5 13. a4 Qc6 14. O-O Bh4 15.
Qd1 Bxg3 16. fxg3 dxe4 17. dxe4 Qxe4 18. Bf3 Qe3+ 19. Kh1 Qc3 20. Bd5 O-O 21.
Qh5 Be6 22. Bxe6 fxe6 23. Qxe5 Qc4 24. Rf4 Rxf4 25. gxf4 Qc3 26. Qxe6+ Kh8 27.
Re1 h6 28. Qg6 Qxe1# 0-1

[Event "Challenge"]
[Site "http://www.queenalice.com/game.php?id=990851"]
[Date "2011.9.27"]
[Round "-"]
[White "archangel"]
[Black "Kingfish"]
[Result "0-1"]
[WhiteElo "1834"]
[BlackElo "1837"]

1. d4 d5 2. c4 Nf6 3. cxd5 Nxd5 4. e4 Nb6 5. Nf3 Bg4 6. Be2 e6 7. Bd2 Bxf3 8.
Bxf3 Qxd4 9. Nc3 Nc4 10. Qa4+ c6 11. O-O-O b5 12. Nxb5 Qxb2# 0-1

[Event "Challenge"]
[Site "http://www.queenalice.com/game.php?id=991670"]
[Date "2011.9.30"]
[Round "-"]
[White "archangel"]
[Black "Fafner"]
[Result "0-1"]
[WhiteElo "1786"]
[BlackElo "2106"]

1. d4 Nf6 2. c4 e6 3. Nc3 Bb4 4. Bd2 O-O 5. a3 Bxc3 6. Bxc3 d5 7. c5 Nc6 8. g3
Re8 9. Nf3 Qe7 10. Bg2 b6 11. b4 a6 12. O-O Bb7 13. Qc2 h6 14. Ne5 Nd7 15. e4
Rad8 16. exd5 exd5 17. Bxd5 Ndxe5 18. Bxc6 Nxc6 19. Rad1 Qe4 20. Qb2 Nxd4 21. f3
Nxf3+ 22. Kf2 Nd2 23. Rfe1 Qg2# 0-1

[Event "Challenge"]
[Site "http://www.queenalice.com/game.php?id=991671"]
[Date "2011.9.30"]
[Round "-"]
[White "Fafner"]
[Black "archangel"]
[Result "1-0"]
[WhiteElo "2108"]
[BlackElo "1783"]

1. e4 c5 2. Nf3 Nc6 3. d4 cxd4 4. Nxd4 e5 5. Nb5 Qa5+ 6. N5c3 Bb4 7. Bd2 Nf6 8.
Be2 Bxc3 9. Bxc3 Qb6 10. Bd3 d6 11. O-O Bg4 12. Qd2 O-O-O 13. a4 Qc7 14. b4 b6
15. a5 Kd7 16. Qe3 h5 17. axb6 Qxb6 18. Qxb6 axb6 19. Bb5 Ra8 20. Nd2 h4 21. f3
Be6 22. Rfd1 g5 23. Bc4 h3 24. Bxe6+ Kxe6 25. Rxa8 Rxa8 26. Nc4 Rd8 27. Nxb6 g4
28. Nd5 gxf3 29. Nxf6 Kxf6 30. gxf3 Ke6 31. Kf2 d5 32. exd5+ Rxd5 33. Rxd5 Kxd5
34. Be1 Na7 35. Kg3 f5 36. Kxh3 Kc4 37. Kg2 Nc6 38. h4 Ne7 39. h5 Ng8 40. Kg3
1-0

[Event "Challenge"]
[Site "http://www.queenalice.com/game.php?id=991672"]
[Date "2011.9.30"]
[Round "-"]
[White "archangel"]
[Black "Kingfish"]
[Result "1/2-1/2"]
[WhiteElo "1818"]
[BlackElo "1849"]

1. d4 d5 2. c4 Nf6 3. cxd5 Nxd5 4. e4 Nb6 5. Bb5+ Bd7 6. Nc3 a6 7. Ba4 e6 8. Nf3
Bb4 9. Bxd7+ N8xd7 10. Bg5 f6 11. Bd2 Nc4 12. Qc2 Ndb6 13. b3 Nxd2 14. Qxd2 Qd7
15. a3 Bxc3 16. Qxc3 O-O-O 17. O-O g5 18. Rfd1 Qg7 19. Rac1 Rd7 20. Qa5 Na8 21.
d5 Qe7 22. e5 exd5 23. Rxd5 Rxd5 24. Qxd5 fxe5 25. b4 Re8 26. Re1 Nb6 27. Qxe5
Qxe5 1/2-1/2

[Event "Challenge"]
[Site "http://www.queenalice.com/game.php?id=991673"]
[Date "2011.9.30"]
[Round "-"]
[White "Kingfish"]
[Black "archangel"]
[Result "1/2-1/2"]
[WhiteElo "1848"]
[BlackElo "1819"]

1. e4 c6 2. d4 d5 3. Nc3 dxe4 4. Nxe4 Bf5 5. Nc3 Nd7 6. Be2 Qc7 7. h3 O-O-O 8.
Bd2 e5 9. d5 Bb4 10. a3 Bxc3 11. Bxc3 Nc5 12. Bg4 Ne7 13. Bxf5+ Nxf5 14. Qg4 g6
15. Nf3 f6 16. O-O-O cxd5 17. Bb4 Kb8 18. Kb1 Na4 19. Nd2 Nd4 20. Rc1 f5 21. Qd1
Nc6 22. c3 b5 23. b3 a5 24. bxa4 axb4 25. cxb4 Qb7 26. Nb3 bxa4 27. Nc5 Qb5 28.
Qxa4 Qxa4 29. Nxa4 Nd4 30. Rhd1 1/2-1/2

[Event "Challenge"]
[Site "http://www.queenalice.com/game.php?id=995228"]
[Date "2011.10.9"]
[Round "-"]
[White "Kingfish"]
[Black "archangel"]
[Result "0-1"]
[WhiteElo "1822"]
[BlackElo "1805"]

1. e4 c5 2. Nf3 Nc6 3. Bb5 Qc7 4. O-O Nd4 5. Nxd4 cxd4 6. d3 e6 7. Bd2 Bd6 8. g3
a6 9. Ba4 b5 10. Bb3 Bb7 11. c3 Be5 12. Qg4 g6 13. cxd4 Bxd4 14. Bc3 Nf6 15. Qg5
h6 16. Qd2 e5 17. Rc1 Rc8 18. Na3 Qb6 19. Bxd4 Qxd4 20. Rxc8+ Bxc8 21. Rc1 O-O
22. Bd1 Nxe4 23. Qe3 Qxb2 24. dxe4 Bb7 25. Bf3 f5 26. exf5 Bxf3 27. fxg6 e4 28.
Qxh6 Qg7 29. Qg5 Qf6 30. Qd5+ Qe6 31. Qxe6+ dxe6 32. Nb1 Rd8 33. h4 Rd6 34. Rc7
Rd1+ 35. Kh2 Rh1# 0-1

[Event "Challenge"]
[Site "http://www.queenalice.com/game.php?id=999388"]
[Date "2011.10.20"]
[Round "-"]
[White "archangel"]
[Black "Kingfish"]
[Result "0-1"]
[WhiteElo "1803"]
[BlackElo "1780"]

1. d4 d5 2. c4 c6 3. c5 h6 4. Nc3 Nf6 5. Nf3 Bg4 6. Ne5 Be6 7. g3 Nbd7 8. Bf4
Nxe5 9. Bxe5 Nd7 10. Bg2 Nf6 11. Bxf6 exf6 12. O-O Qd7 13. e4 dxe4 14. Bxe4 f5
15. Bf3 O-O-O 16. b4 f4 17. a4 Qxd4 18. Qe1 Qxb4 19. Qe5 fxg3 20. fxg3 Bxc5+ 21.
Kh1 Bd4 22. Na2 Bxa2 23. Bg4+ Be6 24. Bxe6+ fxe6 25. Qxe6+ Rd7 26. Rf7 Qd6 27.
Qf5 Bxa1 0-1

[Event "Challenge"]
[Site "http://www.queenalice.com/game.php?id=999389"]
[Date "2011.10.20"]
[Round "-"]
[White "Kingfish"]
[Black "archangel"]
[Result "1-0"]
[WhiteElo "1746"]
[BlackElo "1822"]

1. e4 c5 2. Nc3 g6 3. d3 Bg7 4. Nf3 d6 5. Be2 Nc6 6. a3 Nd4 7. Be3 Qa5 8. Bd2
Bg4 9. O-O e6 10. Nd5 Nxe2+ 11. Qxe2 Bxf3 12. gxf3 Qd8 13. Nc3 Bh6 14. f4 Qh4
15. Qf3 O-O-O 16. Qg3 Qe7 17. b4 e5 18. bxc5 exf4 19. Bxf4 Bg7 20. cxd6 Qd7 21.
e5 h6 22. Rab1 g5 23. Be3 a6 24. Nd5 f5 25. Nb6+ 1-0

[Event "Challenge"]
[Site "http://www.queenalice.com/game.php?id=1010797"]
[Date "2011.11.21"]
[Round "-"]
[White "Kingfish"]
[Black "archangel"]
[Result "1-0"]
[WhiteElo "1725"]
[BlackElo "1775"]

1. e4 c6 2. Nc3 d5 3. exd5 cxd5 4. d4 Bf5 5. Bd3 Bxd3 6. Qxd3 a6 7. Nf3 Nc6 8.
a3 Nf6 9. O-O e6 10. Bd2 Bd6 11. h3 O-O 12. Bg5 Be7 13. Ne2 Ne4 14. Bxe7 Nxe7
15. Rac1 Nf5 16. Nh2 b5 17. b3 f6 18. c4 Rb8 19. cxb5 axb5 20. b4 h5 21. g4 hxg4
22. Nxg4 Kf7 23. f4 Rh8 24. Rf3 Qb6 25. Kh2 Rbg8 26. Ne3 Nh4 27. Rff1 g5 28. Ng4
f5 29. Ne5+ Kg7 30. fxg5 Kh7 31. Rf4 Ng6 32. Nxg6 Rxg6 33. h4 Kg7 34. Kg2 Nf6
35. Rc5 Nh5 36. Rf1 Rb8 37. Rfc1 Nf6 38. Rc7+ Kh8 39. R1c6 Rb7 40. Rxb6 Rxb6 41.
Qc2 Rb8 42. Rc8+ 1-0

[Event "Challenge"]
[Site "http://www.queenalice.com/game.php?id=1011379"]
[Date "2011.11.22"]
[Round "-"]
[White "pedroingles"]
[Black "archangel"]
[Result "0-1"]
[WhiteElo "1724"]
[BlackElo "1780"]

1. d4 c5 2. dxc5 Qa5+ 3. Nc3 Qxc5 4. Nf3 Nf6 5. e4 Nc6 6. Bd3 g6 7. O-O Bg7 8.
Be3 Qb4 9. Rb1 O-O 10. a3 Qd6 11. Nb5 Qb8 12. Qd2 a6 13. Nc3 Ng4 14. Bb6 Nce5
15. Nxe5 Qxe5 16. g3 Qh5 17. Be2 Qxh2# 0-1

[Event "Challenge"]
[Site "http://www.queenalice.com/game.php?id=1011380"]
[Date "2011.11.22"]
[Round "-"]
[White "archangel"]
[Black "pedroingles"]
[Result "0-1"]
[WhiteElo "1794"]
[BlackElo "1710"]

1. d4 Nf6 2. c4 g6 3. Nc3 Bg7 4. Bf4 O-O 5. e4 d6 6. Nf3 Bg4 7. Be2 Nbd7 8. h3
Bxf3 9. Bxf3 e5 10. Bg5 exd4 11. Qxd4 Qe7 12. O-O-O Rad8 13. h4 h6 14. Bxf6 Bxf6
15. Qe3 Bg7 16. Nd5 Qe5 17. Rd2 Nb6 18. Qd3 Nxd5 19. exd5 Rfe8 20. Kc2 Qxb2+ 0-1

[Event "Challenge"]
[Site "http://www.queenalice.com/game.php?id=1022841"]
[Date "2012.1.31"]
[Round "-"]
[White "archangel"]
[Black "Kingfish"]
[Result "1-0"]
[WhiteElo "1757"]
[BlackElo "1773"]

1. d4 Nf6 2. Nf3 d6 3. c4 g6 4. Nc3 Bg7 5. Bg5 O-O 6. Qd2 Bg4 7. Nh4 e6 8. e4 e5
9. d5 c6 10. Be2 Nbd7 11. O-O-O Bxe2 12. Qxe2 Qa5 13. f4 h6 14. fxe5 dxe5 15.
Bd2 Qd8 16. Nf3 Qc7 17. d6 Qxd6 18. Kb1 a6 19. Bxh6 Qe7 20. Bg5 Qe6 21. Rd2 Nh7
22. Be3 b5 23. Rhd1 Rad8 24. cxb5 axb5 25. Bb6 Nxb6 26. Rxd8 Nc4 27. Rxf8+ Bxf8
28. h3 Bc5 29. Rd8+ Kg7 30. g4 Be7 31. Ra8 Ng5 32. Nxg5 Qf6 33. Nf3 Bc5 34. Ra6
b4 35. Nd5 Qd6 36. Qxc4 1-0

[Event "Challenge"]
[Site "http://www.queenalice.com/game.php?id=1022842"]
[Date "2012.1.31"]
[Round "-"]
[White "Kingfish"]
[Black "archangel"]
[Result "0-1"]
[WhiteElo "1756"]
[BlackElo "1774"]

1. e4 c5 2. Nf3 Nc6 3. g3 g6 4. c3 Bg7 5. d4 cxd4 6. Nxd4 d5 7. Bg2 dxe4 8. Bxe4
Nxd4 9. cxd4 Bxd4 10. Qa4+ Qd7 11. Qxd7+ Bxd7 12. O-O O-O-O 13. Nd2 Nf6 14. Bf3
Bg4 15. Kg2 h5 16. Re1 e5 17. h3 Be6 18. a3 g5 19. Nb3 Bxb3 20. Bxg5 Rd6 21. Be2
Bd5+ 22. Bf3 Bxf3+ 23. Kxf3 Bxb2 24. Ra2 e4+ 25. Kg2 Be5 26. Bxf6 Bxf6 27. Rxe4
h4 28. g4 Rhd8 29. Rc2+ Kb8 30. a4 Bg5 31. f4 Rd2+ 32. Rxd2 Rxd2+ 33. Kf3 Bd8
34. Re8 Kc8 35. Rh8 Rd3+ 0-1

[Event "Challenge"]
[Site "http://www.queenalice.com/game.php?id=1025583"]
[Date "2012.2.3"]
[Round "-"]
[White "plot24"]
[Black "archangel"]
[Result "1-0"]
[WhiteElo "1765"]
[BlackElo "1789"]

1. d4 d5 2. Nf3 c5 3. c3 cxd4 4. cxd4 Nf6 5. Nc3 Nc6 6. g3 g6 7. Bg2 Bg4 8. Qc2
Bxf3 9. Bxf3 Nxd4 10. Qa4+ Nc6 11. O-O Bg7 12. Bf4 O-O 13. e4 dxe4 14. Nxe4 Qc8
15. Rab1 e5 16. Bg5 Nxe4 17. Bxe4 Nd4 18. Kg2 a6 19. Rbc1 Qb8 20. Rfd1 Qa7 21.
Be3 Rfd8 22. f4 f6 23. Rc7 Rab8 24. Qc4+ Kh8 25. fxe5 fxe5 26. Qf7 1-0

[Event "Challenge"]
[Site "http://www.queenalice.com/game.php?id=1029095"]
[Date "2012.2.11"]
[Round "-"]
[White "archangel"]
[Black "zmanomega"]
[Result "1-0"]
[WhiteElo "1772"]
[BlackElo "1637"]

1. d4 d5 2. c4 e6 3. cxd5 Qxd5 4. Nc3 Qd6 5. Nh3 Nc6 6. e3 Nf6 7. Bb5 Bd7 8. O-O
O-O-O 9. Bd2 e5 10. dxe5 Qxe5 11. Be2 h5 12. f4 Qe7 13. Ng5 Be6 14. Qc2 g6 15.
a4 Bh6 16. Nce4 Nxe4 17. Nxe4 Rd5 18. a5 a6 19. Bxa6 bxa6 20. Qxc6 Rb5 21. Qxa6+
Kd7 22. Qxb5+ Kd8 23. Qb8+ Bc8 24. Nf6 Qxf6 25. Bc3 Qe6 26. Bxh8 Qxe3+ 27. Kh1
Bxf4 28. Rad1+ Bd6 29. Rxf7 1-0

[Event "Challenge"]
[Site "http://www.queenalice.com/game.php?id=1060025"]
[Date "2012.5.15"]
[Round "-"]
[White "archangel"]
[Black "Kingfish"]
[Result "0-1"]
[WhiteElo "1783"]
[BlackElo "2009"]

1. d4 d5 2. c4 e6 3. cxd5 exd5 4. g3 Bd6 5. Bg2 Be6 6. Nc3 Ne7 7. Bg5 O-O 8.
Bxe7 Bxe7 9. e3 Bb4 10. Qf3 Bxc3+ 11. bxc3 c6 12. Rb1 b5 13. Ne2 Qa5 14. Rb2 Nd7
15. O-O Nb6 16. e4 Rad8 17. Rc1 dxe4 18. Qxe4 Bd5 19. Qh4 Bxg2 20. Kxg2 Nc4 21.
Rbc2 Qc7 22. Nf4 Rfe8 23. Nh5 Re6 24. Qg5 Rg6 25. Qc5 Rd5 26. Re1 Re6 27. Rxe6
fxe6 28. Nf6+ gxf6 29. Qb4 Qg7 30. a4 Nd6 31. axb5 cxb5 32. Re2 Qd7 33. Qb1 f5
34. Qd3 a6 35. Ra2 Qa7 36. f3 Nc4 37. h4 a5 38. f4 Nd6 39. Qe2 Ne4 40. Kh3 Qg7
41. Qe3 Qg4+ 42. Kg2 a4 43. c4 bxc4 44. Rxa4 c3 45. Rc4 Rb5 46. Kf1 Qd1+ 47. Qe1
Nxg3+ 0-1

[Event "Challenge"]
[Site "http://www.queenalice.com/game.php?id=1065510"]
[Date "2012.5.29"]
[Round "-"]
[White "archangel"]
[Black "plot24"]
[Result "0-1"]
[WhiteElo "1776"]
[BlackElo "1742"]

1. d4 d5 2. c4 e6 3. cxd5 exd5 4. g3 Be7 5. Bg2 f5 6. Nc3 Be6 7. Qb3 b6 8. Nxd5
Kf7 9. Qf3 Nf6 10. Nxf6 Qxd4 11. Qxa8 Bxa2 12. Rxa2 Bb4+ 0-1